[Event "ISR-chT"]
[Site "Israel"]
[Date "1997.??.??"]
[Round "2"]
[White "Sutovskij, Emil"]
[Black "Psakhis, Lev"]
[Result "1/2-1/2"]
[WhiteElo "2560"]
[BlackElo "2610"]

1.e4 e6 2.d4 d5 3.Nc3 Bb4 4.e5 b6 5.Qg4 Bf8 6.h4 h5 7.Qd1 Ba6 8.Bxa6 Nxa6
9.Bg5 Qd7 10.Nge2 c5 11.Ng3 g6 12.dxc5 Nxc5 13.Qe2 Na4 14.Nxa4 Qxa4 15.c4 Qxc4
16.Qxc4 dxc4 17.Ne4 Be7 18.O-O-O Nh6 19.Nf6+ Bxf6 20.Bxf6 O-O 21.f3 Nf5 22.Rhe1 Rfc8
23.Rd7 Ng7 24.Red1 Ne8 25.g4 Rc7 26.Kc2 Rac8 27.Kc3 b5 28.Kb4 c3 29.bxc3 a6
30.Ka5 Rxc3 31.gxh5 Nxf6 32.exf6 Rxf3 33.hxg6 Rxf6 34.h5 fxg6 35.Rg1 e5 36.hxg6 Re8
37.g7 Rf7 38.Rxf7 Kxf7 39.Kxa6 e4 40.Kxb5 e3 41.a4 e2 42.a5 Kg8 43.a6 e1=R
44.Rxe1 Rxe1 45.a7 Ra1 46.Kb6 Kxg7 47.Kb7 Kh8 48.a8=R+ Rxa8 49.Kxa8  1/2-1/2

[Event "RUS-ch U20"]
[Site "Kolontaevo"]
[Date "1997.??.??"]
[Round "?"]
[White "Bigaliev, Renat"]
[Black "Zakharov, Alexander S"]
[Result "1/2-1/2"]
[WhiteElo "2480"]
[BlackElo "2330"]

1.e4 e6 2.d4 d5 3.Nc3 Bb4 4.e5 Ne7 5.Bd2 c5 6.dxc5 Bxc5 7.Na4 Qc7 8.Nxc5 Qxc5
9.Bd3 Nbc6 10.Nf3 d4 11.Qe2 Ng6 12.b4 Nxb4 13.O-O Nc6 14.Rfe1 O-O 15.Rab1 a6
16.Ng5 Qe7 17.Qh5 h6 18.Nf3 Kh7 19.h4 Qc7 20.Qg4 Kh8 21.h5 Ngxe5 22.Nxe5 Nxe5
23.Qg3 f6 24.Bf4 Qf7 25.Bxe5 fxe5 26.Rxe5 b5 27.f4 Bb7 28.Rf1 Qg8 29.Rfe1 Bd5
30.Be4 Bxe4 31.R1xe4 Rf6 32.Rxd4 Qf7 33.Qe3 Rc8 34.Qe4 Rf8 35.g3 Rf5 36.Rxe6 Qxh5
37.Rxa6 Qg4 38.Kf2 Rh5 39.Qg2 Rc5 40.Rc6 Qf5 41.Rxc5 Qxc5 42.Qe4 Rc8 43.Kf3 Qa3+
44.Qd3 Qxa2 45.Rd8+ Rxd8 46.Qxd8+ Kh7 47.Qd3+ Kh8  1/2-1/2

[Event "RUS-ch U20"]
[Site "Kolontaevo"]
[Date "1997.??.??"]
[Round "?"]
[White "Galkin, Alexander"]
[Black "Zakharov, Alexander S"]
[Result "1/2-1/2"]
[WhiteElo "2510"]
[BlackElo "2330"]

1.e4 e6 2.d4 d5 3.Nc3 Bb4 4.e5 Ne7 5.a3 Bxc3+ 6.bxc3 c5 7.Nf3 Bd7 8.dxc5 Ng6
9.Bd3 Nc6 10.Rb1 Ncxe5 11.h4 Qc7 12.O-O Qxc5 13.h5 Nxf3+ 14.Qxf3 Ne5 15.Qg3 Nxd3
16.cxd3 O-O-O 17.Be3 d4 18.Bxd4 Qxh5 19.Bxa7 e5 20.Bb6 Rde8 21.d4 Qg6 22.Qf3 Qf5
23.Qxf5 Bxf5 24.Rb5 Kd7 25.Ba5 Be4 26.dxe5 Bc6 27.Rd1+ Kc8 28.Rc5 Re7 29.Bb6 Rd7
30.Rd4 Re8 31.Ra5 Kb8 32.Bc5 Kc7 33.f4 g6 34.Kf2 h5 35.g3 Rxd4 36.cxd4 Kd7
37.Bd6 Ke6 38.a4 Rh8 39.Rc5  1/2-1/2

[Event "RUS-ch (Women) sf+"]
[Site "Kolontaevo"]
[Date "1997.??.??"]
[Round "?"]
[White "Mashinskaya, Iulia"]
[Black "Zhurina, Elizaveta"]
[Result "1/2-1/2"]
[WhiteElo "2240"]
[BlackElo "2235"]

1.d4 e6 2.e4 d5 3.Nc3 Bb4 4.e5 b6 5.Nf3 Ne7 6.Bd3 Ba6 7.O-O Bxd3 8.Qxd3 Bxc3
9.Qxc3 O-O 10.Bg5 Qd7 11.Qd3 c5 12.Bxe7 Qxe7 13.c3 Nc6 14.a3 cxd4 15.cxd4 Na5
16.Nd2 Rac8 17.Rac1 Rc7 18.b4 Nc6 19.Rc3 Rfc8 20.Rfc1 Nd8 21.g3 Qd7 22.Nb3 h6
23.f4 Rxc3 24.Rxc3 Rxc3 25.Qxc3 Qc6 26.Qxc6 Nxc6 27.Kf2 Kf8 28.Ke3 Ke8 29.Nd2 Kd7
30.Kd3 Ne7 31.a4 h5 32.Nf3 Nf5 33.Nd2 Kc6 34.Nf1 g6 35.Ne3 Nxe3 36.Kxe3 Kd7
37.h3 Ke7 38.g4 hxg4 39.hxg4 Kf8 40.f5 g5  1/2-1/2

[Event "Komarno op"]
[Site "Komarno"]
[Date "1997.??.??"]
[Round "?"]
[White "Velicka, Petr"]
[Black "Tibensky, Robert"]
[Result "1/2-1/2"]
[WhiteElo "2405"]
[BlackElo "2445"]

1.e4 e6 2.d4 d5 3.Nc3 Bb4 4.e5 b6 5.a3 Bf8 6.Nf3 Qd7 7.Bb5 c6 8.Be2 Ba6 9.h4 c5
10.h5 h6 11.O-O Ne7 12.Be3 Nf5 13.Bxa6 Nxa6 14.Qe2 Nb8 15.Rfd1 Nc6 16.dxc5 bxc5
17.Ne4 Qc8 18.Ng3 Nxg3 19.fxg3 Be7 20.c4 d4 21.Bf4 O-O 22.Ne1 f6  1/2-1/2

[Event "Linz op"]
[Site "Linz"]
[Date "1997.??.??"]
[Round "4"]
[White "Kranewitter, Norbert"]
[Black "Uhlmann, Wolfgang"]
[Result "1/2-1/2"]
[WhiteElo "2265"]
[BlackElo "2480"]

1.e4 e6 2.d4 d5 3.Nc3 Bb4 4.e5 Ne7 5.a3 Bxc3+ 6.bxc3 c5 7.Qg4 O-O 8.Bd3 f5
9.exf6 Rxf6 10.Bg5 Rf7 11.Qh4 h6 12.Bxe7 Qxe7 13.Qg3 Qf6 14.Nf3 Nc6 15.Rd1 c4
16.Bg6 Rf8 17.O-O Bd7 18.Rfe1 Be8 19.Bxe8 Raxe8 20.Ne5 Nxe5 21.Rxe5 Qe7 22.Qe3 Rf5
23.f4 Rxe5 24.Qxe5 Qxa3 25.f5 Qe7 26.Re1 Qf6 27.fxe6 Qxe5 28.Rxe5 a6 29.Kf2 b5
30.Kf3 g6 31.Rxd5 Rxe6 32.Rd7 Kf8 33.Ra7 g5 34.g4  1/2-1/2

[Event "Lilie op"]
[Site "Litomysl"]
[Date "1997.??.??"]
[Round "3"]
[White "Loucek, Vlastimil"]
[Black "Rausch, Stephan"]
[Result "0-1"]
[WhiteElo "2030"]
[BlackElo "2350"]

1.e4 e6 2.d4 d5 3.Nc3 Bb4 4.e5 Ne7 5.Bd2 b6 6.Ne4 Bxd2+ 7.Nxd2 Ba6 8.Bxa6 Nxa6
9.Ne2 c5 10.O-O O-O 11.Nf3 Nf5 12.Nf4 Nxd4 13.Nxd4 cxd4 14.Qxd4 Rc8 15.Qa4 Nc5
16.Qa3 Qg5 17.Qe3 Qf5 18.c3 Nd7 19.Nd3 Rc4 20.f3 Nc5 21.Nxc5 Rxc5 22.Rfd1 Rfc8
23.Rd4 Rc4 24.Rxc4 Rxc4 25.Rd1 h6 26.a3 Qc2 27.Qd2 Qb3 28.Qe2 a5 29.Rd4 b5
30.Rxc4 bxc4 31.Qd2 Kf8 32.f4 Ke7 33.Kf2 Qb6+ 34.Kf1 Kd7 35.g3 Qc5 36.Kg2 Kc6
37.Kf1 Qb6 38.Kg2 Qb8 39.Qc2 Qb3 40.Qd2 Qb6 41.Kf1 h5 42.Kg2 Qb8 43.Qc2 f6
44.Qa4+ Qb5 45.Qc2 fxe5 46.fxe5 d4 47.cxd4 Qd5+ 48.Kh3 Qxd4 49.Qe2 g6 50.Qf3+ Kb6
51.Qf6 Qg4+ 52.Kg2 Kb5 53.Qh8 Qe2+ 54.Kh3 Qf1+ 55.Kh4 Qf5 56.Qe8+ Kc5 57.h3 g5+
58.Kxh5 g4+ 59.Kh4 gxh3 60.Qe7+ Kd4 61.Qa7+ Kd3 62.g4 Qxe5 63.Kxh3 Kc2 64.Qb6 Qxb2
65.Qxa5 Qb3+ 66.Kh2 c3 67.g5 Kb1 68.Qe5 c2 69.Qe4 Qb2 70.g6 Ka1  0-1

[Event "SLO-chT"]
[Site "Ljubljana"]
[Date "1997.??.??"]
[Round "?"]
[White "Ankerst, Mihael"]
[Black "Dizdar, Goran"]
[Result "1/2-1/2"]
[WhiteElo "2350"]
[BlackElo "2545"]

1.e4 e6 2.d4 d5 3.Nc3 Bb4 4.e5 b6 5.a3 Bxc3+ 6.bxc3 Qd7 7.Qg4 f5 8.Qh5+ g6
9.Qf3 h6 10.h4 Ba6 11.Bxa6 Nxa6 12.Ne2 Ne7 13.a4 Nb8 14.c4 Nbc6 15.cxd5 Qxd5
16.Qxd5 Nxd5 17.c4 Nde7 18.Kd2 Kf7 19.Kc3 Na5 20.Be3 Nb7 21.Rad1 c6 22.Rb1 Rhc8
23.Rhd1 Rc7 24.Nc1 Rd7 25.Nb3 Rc7 26.g3 b5 27.Nc5 Nxc5 28.dxc5 bxc4 29.Rd6 Nd5+
30.Kxc4 g5 31.h5 Rac8 32.a5 a6 33.Rb6 Ra8 34.Rbxc6 Rxc6 35.Rxc6 Ke7 36.Rd6 Rb8
37.c6 Rb4+ 38.Kd3 Rb3+ 39.Kd2 Rb2+ 40.Kd1 Rb1+ 41.Kc2 Rb5 42.Bb6 Nb4+ 43.Kc3 Nd5+
44.Kd2 Rb2+ 45.Kd1 Rb1+ 46.Kc2 Rb4 47.Kd3 Rb3+ 48.Kd4 Rb4+ 49.Kd3 Rb3+ 50.Kc2 Rc3+
51.Kd2 Rc4 52.Bd8+ Kf7 53.Kd3 Rxc6 54.Rxc6 Nb4+ 55.Kc4 Nxc6 56.Bc7 Ke8 57.Kc5 Kd7
58.Bd6 Nxa5 59.Bf8 Nb3+ 60.Kb6 Nd2 61.Bxh6 Ne4 62.Kxa6 Ke8 63.Kb5 Kf7 64.Kc6 f4
65.gxf4 gxf4 66.Bxf4 Nxf2  1/2-1/2

[Event "SLO-chT"]
[Site "Ljubljana"]
[Date "1997.??.??"]
[Round "?"]
[White "Ankerst, Mihael"]
[Black "Farago, Ivan"]
[Result "0-1"]
[WhiteElo "2350"]
[BlackElo "2445"]

1.e4 e6 2.d4 d5 3.Nc3 Bb4 4.e5 Ne7 5.a3 Bxc3+ 6.bxc3 c5 7.Qg4 O-O 8.Bd3 f5
9.exf6 Rxf6 10.Bg5 Rf7 11.Qh5 g6 12.Qd1 Qa5 13.Bd2 Nbc6 14.Nf3 c4 15.Be2 Nf5
16.O-O Nd6 17.Qe1 Bd7 18.Bd1 Re8 19.Qe3 Rfe7 20.Ne5 Nxe5 21.Qxe5 Ne4 22.Be1 Rf7
23.Bg4 Qb6 24.f3 Qb2 25.Bh4 Nxc3 26.Rac1 Nb5 27.c3 Nxc3 28.Rfe1 Nb5 29.Bf2 Qxa3
30.h4 Qd6 31.Qe2 Qf4 32.Be3 Qf6 33.h5 Nxd4 34.Qd1 Nb3 35.hxg6 hxg6  0-1

[Event "Ljubljana op"]
[Site "Ljubljana"]
[Date "1997.??.??"]
[Round "3"]
[White "Kos, Toni"]
[Black "Sher, Miron N"]
[Result "1-0"]
[WhiteElo "2295"]
[BlackElo "2470"]

1.e4 e6 2.d4 d5 3.Nc3 Bb4 4.e5 Ne7 5.a3 Bxc3+ 6.bxc3 b6 7.Qg4 Ng6 8.h4 h5
9.Qg3 Ba6 10.Bxa6 Nxa6 11.Ne2 Qd7 12.a4 O-O-O 13.Bg5 Rdf8 14.Qd3 Nb8 15.a5 b5
16.a6 c6 17.O-O Qe8 18.c4 dxc4 19.Qa3 f6 20.Bd2 Rf7 21.Nc3 f5 22.Rfb1 Rc7
23.Qb2 Kd7 24.Bg5 Kc8 25.Ra5 Kd7 26.Nxb5 cxb5 27.Rxb5 Nc6 28.Rb7 Qc8 29.Qa3 Rxb7
30.Rxb7+ Ke8 31.Qd6 Rf8 32.Rc7  1-0

[Event "CUB-ch"]
[Site "Matanzas"]
[Date "1997.??.??"]
[Round "9"]
[White "Vazquez, Renier"]
[Black "Pecorelli Garcia, Humberto"]
[Result "1/2-1/2"]
[WhiteElo "2260"]
[BlackElo "2460"]

1.e4 e6 2.d4 d5 3.Nc3 Bb4 4.e5 Ne7 5.a3 Bxc3+ 6.bxc3 c5 7.h4 Qc7 8.h5 h6
9.Nf3 b6 10.Bb5+ Bd7 11.Bd3 Ba4 12.Kf1 Nd7 13.Rh4 c4 14.Be2 O-O-O 15.Kg1 Rdf8
16.Rg4 g5 17.hxg6 fxg6 18.Rh4 g5 19.Rh1 Nf5 20.Nh2 Nb8 21.Ng4 Qf7 22.Nf6 Nd7
23.Bh5 Qe7 24.Ng4 Qh7 25.Ra2 Ng7 26.Ne3 b5 27.Rb2 a6 28.Bd2 Kb8 29.Qe2 Ka7
30.Bg4 Nb6 31.Bh5 Qe4 32.Bf3 Qg6 33.Bh5 Qe4 34.Bf3  1/2-1/2

[Event "CRO-chT"]
[Site "Medulin"]
[Date "1997.??.??"]
[Round "?"]
[White "Lalic, Bogdan"]
[Black "Dizdar, Goran"]
[Result "1/2-1/2"]
[WhiteElo "2585"]
[BlackElo "2550"]

1.e4 e6 2.d4 d5 3.Nc3 Bb4 4.e5 b6 5.a3 Bxc3+ 6.bxc3 Qd7 7.Nh3 Ba6 8.Bxa6 Nxa6
9.a4 Nb8 10.Nf4 Nc6 11.Qg4 g6 12.h4 h6 13.O-O Na5 14.Nd3 Nc4 15.Nb2 Ne7 16.Qf3 Nxb2
17.Bxb2 O-O-O 18.c4 Nc6 19.cxd5 Qxd5 20.Qxd5 exd5 21.Ra3 Rd7  1/2-1/2

[Event "Carlos Torre mem op"]
[Site "Merida"]
[Date "1997.??.??"]
[Round "8"]
[White "Fernandez, Alejandro"]
[Black "Russek, Guil"]
[Result "0-1"]
[WhiteElo "2065"]
[BlackElo "2425"]

1.e4 e6 2.d4 d5 3.Nc3 Bb4 4.e5 Ne7 5.a3 Bxc3+ 6.bxc3 c5 7.Nf3 b6 8.Bb5+ Bd7
9.Bd3 Ba4 10.h4 h6 11.h5 Nbc6 12.Rb1 c4 13.Bf1 Kd7 14.g3 Qg8 15.Bf4 Qh7 16.Rc1 Rae8
17.Bg2 Kc8 18.Nd2 Kb7 19.Nf1 f6 20.Ne3 fxe5 21.dxe5 Rd8 22.Qe2 Qg8 23.Nxc4 dxc4
24.Qxc4 b5 25.Qc5 Rd5 26.Bxd5 exd5 27.O-O Qe6 28.Rfd1 Rd8 29.c4 dxc4 30.Rxd8 Nxd8
31.Rd1 Ndc6 32.Qd6 Qxd6 33.exd6 Nf5 34.d7 Nd8 35.Rd2 a5 36.Be5 b4 37.axb4 axb4
38.Kg2 c3 39.Re2 Bc6+ 40.f3 Nf7 41.Bxg7 Nxg7 42.Re7 Nd8 43.Kf2 Nge6 44.Ke3 Bxf3
45.Kxf3 b3  0-1

[Event "Central America-ch"]
[Site "MEX"]
[Date "1997.??.??"]
[Round "?"]
[White "Guevara Sanchez, Erick Marvin"]
[Black "Davila, Edmundo"]
[Result "1/2-1/2"]
[WhiteElo "2270"]
[BlackElo "2180"]

1.e4 e6 2.d4 d5 3.Nc3 Bb4 4.e5 Ne7 5.a3 Bxc3+ 6.bxc3 b6 7.Qg4 Kf8 8.h4 h5
9.Qf3 Ba6 10.Bg5 Bxf1 11.Kxf1 c5 12.Ne2 Nbc6 13.Nf4 Qd7 14.Nxh5 Rh7 15.Rd1 cxd4
16.cxd4 Rc8 17.g4 Ng6 18.Bf6  1/2-1/2

[Event "Minsk op"]
[Site "Minsk"]
[Date "1997.??.??"]
[Round "3"]
[White "Galinsky, Timofey"]
[Black "Dyachkov, Sergej"]
[Result "1-0"]
[WhiteElo "2300"]
[BlackElo "2525"]

1.e4 e6 2.d4 d5 3.Nc3 Bb4 4.e5 Ne7 5.Qg4 c5 6.a3 Bxc3+ 7.bxc3 O-O 8.Nf3 Nbc6
9.Bd3 f5 10.exf6 Rxf6 11.Ne5 c4 12.Be2 Nxe5 13.dxe5 Rf8 14.O-O Bd7 15.Rb1 Qc7
16.f4 Nf5 17.Qh3 Be8 18.g4 Ne7 19.Rf2 Bg6 20.Bf3 Rad8 21.Qg3 Be4 22.Bxe4 dxe4
23.Be3 Nd5 24.Bd4 e3 25.Bxe3 Nxc3 26.Bb6 axb6 27.Qxc3 Rd5 28.Qe3 b5 29.Re1 Qd7
30.h3 Rd1 31.Rxd1 Qxd1+ 32.Kg2 Qd5+ 33.Kh2 Rd8 34.f5 exf5 35.gxf5 Qd4 36.Qg3 Rd5
37.Re2 Qd1 38.Rg2 g6 39.fxg6 h6 40.Qf4 Rd7 41.Rf2  1-0

[Event "Minsk op"]
[Site "Minsk"]
[Date "1997.??.??"]
[Round "4"]
[White "Mirumian, Vigen"]
[Black "Kruppa, Yuri"]
[Result "0-1"]
[WhiteElo "2425"]
[BlackElo "2520"]

1.e4 e6 2.d4 d5 3.Nc3 Bb4 4.e5 b6 5.Bd2 Qd7 6.h4 Nc6 7.Bd3 Bf8 8.Nce2 Bb7
9.c3 f6 10.f4 Nh6 11.Nh3 Ne7 12.Nf2 f5 13.Be3 a5 14.O-O Ba6 15.Bxa6 Rxa6
16.Qd3 Ra8 17.Rac1 Nc6 18.a3 Ne7 19.c4 dxc4 20.Qxc4 Nd5 21.Bd2 b5 22.Qb3 c6
23.Nd3 Ng4 24.Nc5 Bxc5 25.Rxc5 O-O 26.Rfc1 Ne7 27.a4 b4 28.R1c2 Rfd8 29.g3 Kf7
30.Be1 Qb7 31.Bf2 Qa6 32.Qc4 Qb6 33.Nc1 h6 34.h5 Rd7 35.Nb3 Qd8 36.Kg2 Nd5
37.Qd3 Kg8 38.Bg1 Qe8 39.Rxc6 Re7 40.Rd6 Qxh5 41.Rcc6 g5 42.Rxd5 exd5 43.Qxf5 Rf8
44.Rg6+ Rg7 45.Qe6+ Kh8 46.Rxg7 Kxg7 47.f5 Ne3+ 48.Bxe3 Qe2+ 49.Kh3 Qf1+
50.Kg4 Qd1+ 51.Kh3 Qh1+ 52.Kg4 Qe4+ 53.Bf4 Qe2+ 54.Kh3 Qh5+ 55.Kg2 gxf4 56.f6+ Kh8
57.Qh3 Qe2+ 58.Kh1 Qd1+ 59.Kh2 fxg3+ 60.Kxg3 Qxb3+  0-1

[Event "Mondariz op"]
[Site "Mondariz"]
[Date "1997.??.??"]
[Round "?"]
[White "Rivera, Daniel"]
[Black "Psakhis, Lev"]
[Result "1/2-1/2"]
[WhiteElo "2370"]
[BlackElo "2565"]

1.e4 e6 2.d4 d5 3.Nc3 Bb4 4.e5 Ne7 5.a3 Bxc3+ 6.bxc3 c5 7.Nf3 Qc7 8.a4 b6
9.Bb5+ Bd7 10.Bd3 Nbc6 11.O-O h6 12.Ba3 Na5 13.Nd2 O-O 14.Re1 f5 15.exf6 Rxf6
16.dxc5 bxc5 17.c4 Re8  1/2-1/2

[Event "Mondariz op"]
[Site "Mondariz"]
[Date "1997.??.??"]
[Round "?"]
[White "De la Villa Garcia, Jesus Maria"]
[Black "Psakhis, Lev"]
[Result "0-1"]
[WhiteElo "2485"]
[BlackElo "2565"]

1.e4 e6 2.d4 d5 3.Nc3 Bb4 4.e5 Ne7 5.Bd2 b6 6.Nf3 Bxc3 7.Bxc3 a5 8.Bd2 Ba6
9.Bxa6 Nxa6 10.Bg5 h6 11.Bxe7 Qxe7 12.O-O O-O 13.Qe2 c5 14.c3 Nb8 15.Rac1 Nc6
16.Qb5 Rfc8 17.Qxb6 c4 18.b3 Rab8 19.Qc5 Qxc5 20.dxc5 cxb3 21.axb3 Rxb3 22.Nd4 Rb7
23.Rb1 Rxb1 24.Rxb1 Nxe5 25.f4 Ng6 26.c6 Ne7 27.Rb6 a4 28.Ra6 a3 29.Kf2 g5
30.f5 Nxf5 31.Nb5 a2 32.g4 Ng7 33.Na7 Rc7 34.Rxa2 Kf8 35.Ra6 Ne8 36.Nb5 Rc8
37.Ke3 e5 38.Rb6 Ke7 39.Na7 Rc7 40.Nb5 Rc8 41.Na7 Rc7 42.Nb5 Nd6 43.Nxc7 Nc4+
44.Kd3 Nxb6 45.Nb5 Nc4 46.Ke2 Ke6 47.h3 Nb6 48.Kd3 f6 49.Ke3 Nc8 50.Kd3 Ne7
51.c7 Kd7 52.c4 dxc4+ 53.Kxc4 Kc6  0-1

[Event "Kasparov Cup"]
[Site "Moscow"]
[Date "1997.??.??"]
[Round "?"]
[White "Danilovic, Alexander"]
[Black "Zakharov, Alexander S"]
[Result "1/2-1/2"]
[WhiteElo "2225"]
[BlackElo "2330"]

1.e4 e6 2.d4 d5 3.Nc3 Bb4 4.e5 Ne7 5.a3 Bxc3+ 6.bxc3 c5 7.Qg4 Kf8 8.a4 Qc7
9.Nf3 cxd4 10.Qxd4 Nbc6 11.Qc5 Qa5 12.Ba3 Qxc5 13.Bxc5 f6 14.exf6 gxf6 15.c4 b6
16.cxd5 bxc5 17.dxc6 Nxc6 18.O-O-O Ke7 19.Bb5 Bb7 20.Rd3 a6 21.Rhd1 Rad8
22.Rxd8 Rxd8 23.Rxd8 Nxd8 24.Be2 a5 25.Kb2 Bd5  1/2-1/2

[Event "NRW-Cup Masters op"]
[Site "Muenster"]
[Date "1997.??.??"]
[Round "4"]
[White "Mainka, Romuald"]
[Black "Schlecht, Daniel"]
[Result "1/2-1/2"]
[WhiteElo "2520"]
[BlackElo "2270"]

1.e4 e6 2.d4 d5 3.Nc3 Bb4 4.e5 Ne7 5.a3 Bxc3+ 6.bxc3 b6 7.Qg4 Ng6 8.h4 h5
9.Qg3 Ba6 10.Bd3 Bxd3 11.cxd3 c5 12.Nf3 Nc6 13.Bg5 Qd7 14.O-O cxd4 15.cxd4 O-O
16.Rae1 Kh7 17.Qh3 Nge7 18.Bxe7 Nxe7 19.Ng5+ Kg8 20.g4 Qa4 21.Nf3 Qxa3 22.Kh2 Qxd3
23.Rg1 Kh8 24.Rg3 Rac8 25.Qg2 Rc2 26.gxh5 Nf5 27.Rg4 Rc3 28.Rf4 Qc4 29.Qg5 Rxf3
30.Rxf3 Qxd4 31.Rf4 Qc3 32.Re2 Qd3 33.Ra2 Qc3 34.Re2 Qd3 35.Re1 Qc3 36.Re2 Qd3  1/2-1/2

[Event "NRW-Cup Masters op"]
[Site "Muenster"]
[Date "1997.??.??"]
[Round "6"]
[White "Kemper, Meinolf"]
[Black "Prang, Edgar"]
[Result "1-0"]
[WhiteElo "2050"]
[BlackElo "2325"]

1.e4 e6 2.d4 d5 3.Nc3 Bb4 4.e5 b6 5.a3 Bf8 6.f4 Ne7 7.Nf3 Qd7 8.Be3 Nf5 9.Bf2 h5
10.g3 Be7 11.Qd2 Ba6 12.Bxa6 Nxa6 13.O-O-O O-O-O 14.h3 Nb8 15.g4 Nh6 16.Rhg1 Nc6
17.Qd3 Na5 18.Kb1 Kb7 19.Be3 Nc4 20.Bc1 b5 21.b3 Nxa3+ 22.Bxa3 Bxa3 23.Nxb5 Be7
24.Kb2 hxg4 25.hxg4 c5 26.Ra1 Ra8 27.Ra5 Qc6 28.dxc5 Bxc5 29.Nfd4 Qb6 30.Nd6+ Kc7
31.Qc3  1-0

[Event "New York op"]
[Site "New York"]
[Date "1997.??.??"]
[Round "?"]
[White "Casella, Michael"]
[Black "Alterman, Boris"]
[Result "1/2-1/2"]
[WhiteElo "2280"]
[BlackElo "2595"]

1.e4 e6 2.d4 d5 3.Nc3 Bb4 4.e5 Qd7 5.Qg4 f5 6.Qg3 b6 7.h4 Nc6 8.Nf3 Bb7 9.a3 Bf8
10.Bb5 O-O-O 11.Be3 Kb8 12.Ne2 a6 13.Bd3 Nh6 14.Nf4 Re8 15.O-O Ng4 16.c4 g6
17.cxd5 exd5 18.Rfe1 Nxe3 19.Rxe3 Bh6 20.Rc1 Rhf8 21.b4 Bxf4 22.Qxf4 Nd8
23.Qh6 Ne6 24.Ree1 Qe7 25.Rc3 Rc8 26.Rec1 c6 27.Rb3 Rg8 28.a4 Rc7 29.a5 b5
30.Bb1 Bc8 31.Qd2 f4 32.Ng5 Nxg5 33.hxg5 Qxg5 34.Rbc3 Kb7 35.Qc2 Bf5 36.Qb2 Bxb1
37.Qxb1 Re8 38.Qc2 Re6 39.Rf3 Qe7 40.Qc5 Qxc5 41.bxc5 g5 42.Rh3 Rg6 43.Rcc3 h6
44.Rh5 Kc8 45.Rch3 Rh7 46.Kf1 Kd7 47.Ke2 Ke6 48.Rh1 Kf5 49.Kf3 Re6 50.R1h2 Rh8
51.Rh1 Kg6 52.Kg4 Kg7 53.f3 Rf8 54.Rc1 Rg6 55.Rch1  1/2-1/2

[Event "Newport Rating"]
[Site "Newport"]
[Date "1997.??.??"]
[Round "1"]
[White "Spanton, Timothy"]
[Black "Raoof, Adam"]
[Result "1/2-1/2"]
[WhiteElo "2065"]
[BlackElo "2070"]

1.e4 e6 2.d4 d5 3.Nc3 Bb4 4.e5 b6 5.Qg4 Bf8 6.Bg5 Qd7 7.Nf3 h6 8.Bd2 Ne7
9.Bb5 c6 10.Bd3 Ba6 11.Bxa6 Nxa6 12.O-O Nf5 13.a4 Nb4 14.Rfc1 a5 15.Ne2 c5
16.Bxb4 axb4 17.b3 Be7 18.Ng3 Nxg3 19.Qxg3 O-O 20.dxc5 bxc5 21.Re1  1/2-1/2

[Event "JUG-ch52"]
[Site "Niksic"]
[Date "1997.??.??"]
[Round "2"]
[White "Markovic, Miroslav"]
[Black "Drasko, Milan"]
[Result "1-0"]
[WhiteElo "2520"]
[BlackElo "2555"]

1.e4 e6 2.d4 d5 3.Nc3 Bb4 4.e5 Ne7 5.a3 Bxc3+ 6.bxc3 c5 7.h4 Qc7 8.Rh3 Nbc6
9.Qg4 Nf5 10.Bd3 cxd4 11.f4 Nxe5 12.fxe5 Qxc3+ 13.Kd1 Qxa1 14.Bxf5 exf5 15.Qxg7 Rf8
16.a4 d3 17.Rxd3 Qxa4 18.Nf3 Qg4 19.Bg5 h6 20.Qxh6 Rg8 21.Qf6 Rxg5 22.hxg5 Qxg2
23.Qh8+ Ke7 24.e6 fxe6 25.Qg7+ Ke8 26.g6 Bd7 27.Qg8+ Ke7 28.Qxa8  1-0

[Event "RUS-chT"]
[Site "Orel"]
[Date "1997.??.??"]
[Round "?"]
[White "Zhelnin, Vladimir V"]
[Black "Shtyrenkov, Veniamen"]
[Result "1/2-1/2"]
[WhiteElo "2475"]
[BlackElo "2455"]

1.e4 e6 2.d4 d5 3.Nc3 Bb4 4.e5 b6 5.Qg4 Bf8 6.Nf3 Qd7 7.Be2 Ne7 8.O-O Nbc6
9.Nd1 Bb7 10.Ne3 O-O-O 11.Ng5 Nf5 12.c3 h6 13.Nh3 f6 14.exf6 h5 15.fxg7 Bxg7
16.Qf4 Bh6 17.Ng5 Rdg8 18.h4 Nxh4 19.Qxh4 Bxg5 20.Qh3 Kb8 21.f4 Bf6 22.Rb1 Ne7
23.b4 Nc8 24.Bd2 Nd6 25.Be1 Ne4 26.Bd3  1/2-1/2

[Event "RUS-Cup4"]
[Site "Perm"]
[Date "1997.??.??"]
[Round "3"]
[White "Bezgodov, Alexei"]
[Black "Kalichkin, Igor"]
[Result "1-0"]
[WhiteElo "2570"]
[BlackElo "2425"]

1.e4 e6 2.d4 d5 3.Nc3 Bb4 4.e5 b6 5.Qg4 Bf8 6.Bg5 Qd7 7.h4 h5 8.Qd1 a6 9.Nh3 c5
10.Ne2 cxd4 11.Nxd4 Ne7 12.Bd3 Nec6 13.Nf3 Qc7 14.O-O Nxe5 15.Nxe5 Qxe5 16.Re1 Qd6
17.c4 Bb7 18.cxd5 Bxd5 19.Nf4 Be7 20.Nxd5 Qxd5 21.Bf4 Nd7 22.Be4 Qxd1 23.Rexd1 Rc8
24.Bb7 Rc4 25.Be3 a5 26.Ba6 Rb4 27.a3 Rxb2 28.Bd4 Rc2 29.Bb5 Rc7 30.Bxg7 Rh7
31.Be5 Ra7 32.Rxd7 Rxd7 33.Rd1 Bxa3 34.Rxd7 Kf8 35.Rd8+  1-0

[Event "Polanica Zdroj op"]
[Site "Polanica Zdroj"]
[Date "1997.??.??"]
[Round "8"]
[White "Filipek, Jakub"]
[Black "Gdanski, Jacek"]
[Result "0-1"]
[WhiteElo "2410"]
[BlackElo "2505"]

1.e4 e6 2.d4 d5 3.Nc3 Bb4 4.e5 Ne7 5.a3 Bxc3+ 6.bxc3 c5 7.a4 Qa5 8.Bd2 Bd7
9.Nf3 c4 10.Qb1 Na6 11.Qa2 Nc7 12.h4 h6 13.h5 b5 14.axb5 Qxa2 15.Rxa2 Nxb5
16.Ra5 a6 17.g4 Nc6 18.Ra4 a5 19.Bg2 Ne7 20.Ra2 a4 21.Nh4 a3 22.f4 f6 23.exf6 gxf6
24.Ng6 Nxg6 25.hxg6 Kf8 26.g5 Kg7 27.gxf6+ Kxg6 28.f5+ Kxf6 29.fxe6 Bxe6
30.Rh5 Bf7 31.Rh3 Rae8+ 32.Kf2 Be6 33.Rxh6+ Rxh6 34.Bxh6 Ra8 35.Bd2 Ke7 36.Ke1 Kd7
37.Ra1 Kc6 38.Rb1 a2 39.Ra1 Bf5 40.Kd1 Rg8 41.Bf1 Rg1 42.Ke2 Bh3 43.Rxa2 Bxf1+
44.Kf2 Rg2+  0-1

[Event "ESP-chT"]
[Site "Ponferrada"]
[Date "1997.??.??"]
[Round "1"]
[White "Mitkov, Nikola"]
[Black "Nogueiras, Jesus"]
[Result "1/2-1/2"]
[WhiteElo "2455"]
[BlackElo "2535"]

1.e4 e6 2.d4 d5 3.Nc3 Bb4 4.e5 Ne7 5.Bd2 b6 6.Qg4 Nf5 7.Bd3 h5 8.Qf4 Qh4
9.Qxh4 Nxh4 10.g3 Bxc3 11.Bxc3 Nf5 12.b4 Ba6 13.b5 Bb7 14.Nf3 a6 15.a4 axb5
16.axb5 Rxa1+ 17.Bxa1 c5 18.Kd2 Ke7 19.Bb2 Nd7 20.Ra1 Ra8 21.Rxa8 Bxa8 22.Ba3 f6
23.Bxf5 exf5 24.exf6+ Kxf6 25.c3 Bb7 26.Ke3 Bc8 27.h4 Ke6 28.Kf4 Kf6 29.Ke3 Ke6
30.Kf4 Kf6  1/2-1/2

[Event "Porto San Giorgio op"]
[Site "Porto San Giorgio"]
[Date "1997.??.??"]
[Round "3"]
[White "Mola, Pietro"]
[Black "Giuriati, Paolo"]
[Result "1-0"]
[WhiteElo "2190"]
[BlackElo "2165"]

1.e4 e6 2.d4 d5 3.Nc3 Bb4 4.e5 Ne7 5.a3 Bxc3+ 6.bxc3 c5 7.h4 Nbc6 8.Nf3 Bd7
9.h5 h6 10.Bd3 Qa5 11.Bd2 c4 12.Be2 O-O-O 13.Nh4 Rdf8 14.O-O Kb8 15.Bg4 Qd8
16.g3 Ka8 17.Qe2 Qe8 18.Rae1 a6 19.f4 g6 20.Kh2 Na7 21.Bh3 Nec8 22.Ng2 Ba4
23.Ne3 Nb5 24.Ra1 Rfg8 25.g4 Ne7 26.f5 gxf5 27.gxf5 f6 28.exf6 Qb8+ 29.Kh1 Nxf5
30.Nxf5 exf5 31.Bxf5 Qg3 32.Qh2 Qxh2+ 33.Kxh2 Rf8 34.Bg6 Nd6 35.Rae1 Nb5
36.Re7 Nxa3 37.Rh7 Rxh7 38.Bxh7 Bxc2 39.Bg6 Nb1 40.Bxh6 Rh8 41.Bg7  1-0

[Event "GER-chT Seniors"]
[Site "Potsdam"]
[Date "1997.??.??"]
[Round "3"]
[White "Rosen, Willy"]
[Black "Lieb, Harald"]
[Result "1/2-1/2"]
[WhiteElo "2285"]
[BlackElo "2245"]

1.e4 e6 2.d4 d5 3.Nc3 Bb4 4.e5 Ne7 5.Bd2 b6 6.Qg4 Nf5 7.Bd3 h5 8.Qf4 g5 9.Qxg5 Qxg5
10.Bxg5 Nxd4 11.O-O-O Be7 12.h4 Nd7 13.Nb5 Nxb5 14.Bxb5 Bc5 15.Nh3 Bb7 16.Rhe1 a6
17.Bd3 Bf8 18.f4 Nc5 19.Nf2 Nxd3+ 20.Rxd3 c5 21.Red1 c4 22.R3d2 Bc5 23.Ne4 Kd7
24.Nf6+ Kc7 25.f5 Bc6 26.g4 hxg4 27.Nxg4 d4 28.Rf1 Be4 29.fxe6 fxe6 30.Rf4 Bg6
31.Rf6 Bh5 32.Nf2 Rae8 33.Ne4 Kc6 34.c3 d3 35.b4 Bf8 36.Rf4 b5 37.a4 Bg7
38.Nf6 Bxf6 39.Bxf6 Rh7 40.axb5+ axb5 41.Ra2 Rd7 42.Kd2 Rb8 43.Ke3  1/2-1/2

[Event "EU-chT (Men)"]
[Site "Pula"]
[Date "1997.??.??"]
[Round "5"]
[White "Guseinov, Aidyn"]
[Black "Vaganian, Rafael A"]
[Result "1/2-1/2"]
[WhiteElo "2430"]
[BlackElo "2585"]

1.e4 e6 2.d4 d5 3.Nc3 Bb4 4.e5 b6 5.Qg4 Bf8 6.Bg5 Qd7 7.Bd3 Ba6 8.Nf3 h6
9.Bd2 Ne7 10.O-O c5 11.dxc5 bxc5 12.b3 h5 13.Qh3 Ng6 14.Rfe1 Bxd3 15.cxd3 Nc6
16.Rac1 Rc8 17.Na4 Nb4 18.Bxb4 cxb4 19.g3 Rc7 20.d4 h4 21.Qg4 Rc6 22.Nc5 Qc8
23.Rc2 hxg3 24.hxg3 Bxc5 25.Rec1 Qa6 26.dxc5 Qd3 27.Kg2 Rc8 28.c6 a6 29.Rd2 Qe4
30.Rd4 Qxg4 31.Rxg4 a5 32.a3 bxa3 33.Ra4 Ke7 34.Rxa3 Ra8 35.Re1 f6 36.Ra4 Nxe5
37.Nxe5 fxe5 38.Rxe5 Kd6 39.Rg5 Rhb8 40.Ra3 Kxc6 41.Rxg7 Kc5 42.Rg4 Rb4 43.Rg7 e5
44.Rc7+ Kd4 45.Rc1 e4 46.Kf1 Rb5 47.Rc6 Rf8 48.Ke2 Rf3 49.Ra6 Rb8 50.Ra2 Rbf8
51.Rd2+ Ke5 52.Ke1 Rxb3 53.Rxa5 Rd8 54.Ke2 Rd6 55.Ke1 Rb4 56.Ke2 Rb3 57.Ke1 Rf3
58.Ke2 Rf5 59.Ke1 Ke6 60.Ra4 Rb6 61.Ra5 Rb4 62.Ra6+ Ke5 63.Ra5 Rd4 64.Rxd4 Kxd4
65.Ra3 Rf8 66.Ke2 Rb8 67.Ra4+ Ke5 68.Ra5 Rb2+ 69.Ke3 Rb3+ 70.Ke2 Kd4 71.Ra4+ Kc5
72.Ra5+ Kc4 73.Ra4+ Kb5 74.Ra8 Kc6 75.Ra6+ Kc5 76.Ra5+ Kd6 77.Ra6+ Ke5 78.Ra5 Rd3
79.Rb5 Ra3 80.g4 Kd4 81.Rb4+ Kc5  1/2-1/2

[Event "Registro op"]
[Site "Registro"]
[Date "1997.??.??"]
[Round "4"]
[White "Van Riemsdijk, Herman C"]
[Black "Dos Santos, Haroldo C"]
[Result "1-0"]
[WhiteElo "2395"]
[BlackElo "2260"]

1.e4 e6 2.d4 d5 3.Nc3 Bb4 4.e5 Qd7 5.Bd2 b6 6.Qg4 f5 7.Qg3 Ba6 8.Bxa6 Nxa6
9.Nge2 O-O-O 10.Nf4 c6 11.Nd3 Bf8 12.h4 Nb4 13.Nxb4 Bxb4 14.Ne2 Bxd2+ 15.Kxd2 Qf7
16.a4 Ne7 17.b4 Kb7 18.Ra3 g6 19.Nf4 h6 20.a5 b5 21.Nd3 g5 22.Nc5+ Kc7 23.hxg5  1-0